UBT Library

Clinical methods in communication disorders / (Record no. 42108)

000 -LEADER
fixed length control field 00672pam a2200241 a 4500
001 - CONTROL NUMBER
control field 4868626
005 - DATE AND TIME OF LATEST TRANSACTION
control field 20180208044043.0
008 - FIXED-LENGTH DATA ELEMENTS--GENERAL INFORMATION
fixed length control field 920506s1993 txua b 001 0 eng c
010 ## - LIBRARY OF CONGRESS CONTROL NUMBER
LC control number 92017022
020 ## - INTERNATIONAL STANDARD BOOK NUMBER
International Standard Book Number 0890795681
040 ## - CATALOGING SOURCE
Original cataloging agency DNLM/DLC
Transcribing agency DLC
Modifying agency DLC
041 ## - LANGUAGE CODE
Language code of text/sound track or separate title eng
060 ## - NATIONAL LIBRARY OF MEDICINE CALL NUMBER
Classification number WM 475 L533c
080 ## - UNIVERSAL DECIMAL CLASSIFICATION NUMBER
Universal Decimal Classification number 616.85506
082 00 - DEWEY DECIMAL CLASSIFICATION NUMBER
Classification number 616.85506 LEI
Edition number 20
100 1# - Rafti
Rafti 7
101 ## - Shkurtesa
Shkurtesa NEU
245 10 - TITLE STATEMENT
Title Clinical methods in communication disorders /
Statement of responsibility, etc William R. Leith.
504 ## - BIBLIOGRAPHY, ETC. NOTE
Bibliography, etc Includes bibliographical references (p. 267-268) and index.
906 ## - LOCAL DATA ELEMENT F, LDF (RLIN)
a 7
b cbc
c orignew
d 1
e ocip
f 19
g y-gencatlg
942 ## - ADDED ENTRY ELEMENTS (KOHA)
Source of classification or shelving scheme
Item type Books
Holdings
Withdrawn status Lost status Source of classification or shelving scheme Damaged status Not for loan Collection code Permanent location Current location Shelving location Date acquired Total Checkouts Full call number Barcode Date last seen Price effective from Koha item type
          Koleksioni i përgjithshem UBT - Lipjan UBT - Lipjan Koleksioni i lëndeve mesimore 02/08/2018   616.85506 LEI 002-2998628 02/08/2018 02/08/2018 Books
UBT Library © 2015-2024. All rights reserved University Education for Business and Technology